000 00730nam a22002537a 4500
001 126578
003 UA-OsUOA
005 20220113221654.0
007 ta
008 20171030b un ||||| |||| 00| 0 ukr d
020 _a5-7745-1133-2
040 _aUA-OsUOA
_bukr
_cUA-OsUOA
_dUA-OsUOA
041 _aukr
080 _a94(477.83)
090 _a94(477.83)
_bК71
100 _aКосів М. В.
245 _aМісто Белз
_bісторико-краєзнавчий нарис
260 _aЛьвів
_bКаменяр
_c2005
300 _a63 с.
650 7 _a9 Географія. Біографії. Історія
_2UDC
942 _cBK
_2udc
955 _a1
999 _c413789
_d413789